000 00761nam a2200181Ia 4500
008 100921s9999 xx 000 0 und d
082 _b32008
_a020 थ 98
100 _aमहाजन शांताराम गजानन.
245 _aडेसिमल वर्गीकरण.
260 _bपुणे विद्यार्थीगृह प्रकाशन,पुणे.
_c1998
300 _a127
_bशिदोरे श्रीकृष्ण.
365 _b60
520 _aसं.ग्रंथालयशास्त्र.
630 _aडेसिमल वर्गीकरण.
650 _aसं.ग्रंथालयशास्त्र.
730 _aडेसिमल वर्गीकरण.
942 _cBOOK
999 _c781121
_d781118